LEADER 01047nam 2200373 4500 001 990000760280203316 010 $a88-244-0607-6 035 $a0076028 035 $aUSA010076028 035 $a(ALEPH)000076028USA01 035 $a0076028 100 $a20011121d1995----km-y0ITAy01------ba 101 $aita 102 $aIT 200 1 $a<> ordinamento giudiziario$fR. Marino, A. Landolfi 205 $a6. ed. 210 $aNapoli$cSimone$d1995 215 $a333 p.$d21cm 225 2 $aManuali giuridici$v60 410 $12001$aManuali giuridici$v60 606 0 $aItalia$xOrdinamento giudiziario 676 $a347.45 700 1$aMARINO,$bRaffaele$0241554 701 1$aLANDOLFI,$bA.$0550056 801 0$aIT$bsalbc$gISBD 912 $a990000760280203316 951 $aCOLL. PDO 60$b8447 G$cCOLL. PDO 959 $aBK 969 $aGIU 979 $aPATTY$b90$c20011121$lUSA01$h1625 979 $c20020403$lUSA01$h1723 979 $aPATRY$b90$c20040406$lUSA01$h1652 996 $aOrdinamento giudiziario$9964854 997 $aUNISA LEADER 02031oam 2200517M 450 001 9910716212503321 005 20200213070533.1 035 $a(CKB)5470000002520004 035 $a(OCoLC)1065843386 035 $a(OCoLC)995470000002520004 035 $a(EXLCZ)995470000002520004 100 $a20071213d1926 ua 0 101 0 $aeng 135 $aurcn||||||||| 181 $ctxt$2rdacontent 182 $cc$2rdamedia 183 $acr$2rdacarrier 200 10$aAmending an act providing for a comprehensive development of the park and playground system of the National Capital. March 11 (calendar day, March 12), 1926. -- Ordered to be printed 210 1$a[Washington, D.C.] :$c[U.S. Government Printing Office],$d1926. 215 $a1 online resource (4 pages) 225 1 $aSenate report / 69th Congress, 1st session. Senate ;$vno. 363 225 1 $a[United States congressional serial set ] ;$v[serial no. 8524] 300 $aBatch processed record: Metadata reviewed, not verified. Some fields updated by batch processes. 300 $aFDLP item number not assigned. 517 $aAmending an act providing for a comprehensive development of the park and playground system of the National Capital. March 11 606 $aCapitals (Cities) 606 $aCity planning 606 $aLegislative amendments 606 $aParks 606 $aPlaygrounds 608 $aLegislative materials.$2lcgft 615 0$aCapitals (Cities) 615 0$aCity planning. 615 0$aLegislative amendments. 615 0$aParks. 615 0$aPlaygrounds. 701 $aCapper$b Arthur$f1865-1951$pRepublican (KS)$01386839 801 0$bWYU 801 1$bWYU 801 2$bOCLCO 801 2$bOCLCQ 801 2$bOCLCO 906 $aBOOK 912 $a9910716212503321 996 $aAmending an act providing for a comprehensive development of the park and playground system of the National Capital. March 11 (calendar day, March 12), 1926. -- Ordered to be printed$93448213 997 $aUNINA